01159nam a2200265 a 450000100100000000500170001000800410002702000150006804000250008308200260010810000350013424500590016925000110022826000360023930000200027550000640029559000260035965000290038565000310041491000380044595201390048395201240062295201300074699900170087600003051420240412074254.0110307s2011 dr r 000 j spa d a9993403433 aDO-SdBNPbspacBNPHU aRD863.44bS787m, 20111 aStanley, Avelino,d1959-9153613aLa máscara del tiempo :bcuentos /cAvelino Stanley. a5a ed. aSanto Domingo :bCocolo,c2011. a98 p. ;c22 cm. aIncluye datos biográficos del autor en la contracubierta. aInventariado, 2018/BT 0aCuentos dominicanos9176 0aLiteratura dominicana.967 aValidado. Control de calidad. MFF 001054708DSaGRbGRcHDd2011-05-23iLF1l0oRD863.44 S787m, 2011p30514-30r2020-06-25te. 3w2020-06-25yLFDSZPréstamo en sala 0010718PDaPDbPDcHDd2011-05-23iLF1l0oRD863.44 S787m, 2011p30514-10r2020-06-25w2020-06-25yLFPDZNo se presta 0010718PDaPDbPDcHDd2011-05-23iLF1l0oRD863.44 S787m, 2011p30514-20r2020-06-25te. 2w2020-06-25yLFPDZNo se presta c30006d30006